Personálny controlling v podniku Lesy SR, š. p. diplomová práca

Na minha lista:
Detalhes bibliográficos
Autor principal: Horňáková, Monika
Autor Corporativo: Podnikovohospodárska fakulta EU so sídlom v Košiciach. Katedra manažmentu
Outros Autores: Olexová, Cecília, 1976-
Formato: Livro
Idioma:eslovaco
Publicado em: Košice 2011
Tags: Adicionar Tag
Sem tags, seja o primeiro a adicionar uma tag!

MARC

LEADER 00000nbm a2200000 4500
001 0139032
005 20161109101901.3
041 0 |a slo 
044 |a SK 
245 1 0 |a Personálny controlling v podniku Lesy SR, š. p.  |b diplomová práca  |c Monika Horňáková ; školiteľ: Cecília Olexová 
264 1 |a Košice  |c 2011 
300 |a 72 s. 
100 1 |a Horňáková, Monika 
700 1 |a Olexová, Cecília, 1976- 
710 2 |a Podnikovohospodárska fakulta EU so sídlom v Košiciach. Katedra manažmentu